Countries with the Highest HDI Growth - Statistics

General Stats
  • This quiz has been taken 12 times
  • The average score is 14 of 21
Answer Stats
Annual Growth Continent Answer % Correct
1.01% Africa Democratic Republic of the Congo
88%
1.04% Africa Guinea
88%
1.94% Americas Haiti
88%
1.06% Africa Malawi
88%
1.01% Africa Sierra Leone
88%
1.12% Africa Togo
88%
1.57% Africa Eswatini
75%
1.74% Africa Ethiopia
75%
1.54% Africa Niger
75%
1.34% Africa Zimbabwe
75%
1.27% Africa Angola
63%
1.64% Asia Bangladesh
63%
1.25% Asia Bhutan
63%
1.06% Africa Cameroon
63%
1.02% Oceania Papua New Guinea
63%
1.72% Africa Burkina Faso
50%
1.38% Africa Ivory Coast
50%
1.14% Africa Morocco
50%
1.00% Africa Sao Tome and Principe
50%
1.26% Asia Myanmar
38%
1.03% Asia Turkey
25%
No matching quizzes found
Score Distribution
Percent of People with Each Score
Percentile by Number Answered
Your Score History
You have not taken this quiz